| LEADER 00000nam 2200000 a 4500 |
| 001 13399129988 |
| 003 ULIB |
| 008 160624s2551 th a 000 0 tha d |
| 020 ^a9789744140678
|
| 050 4 ^aBF412^bพ623ถ 2551
|
| 100 1 ^aพาวเวล, ไมเคิล
|
| 245 10 ^aถอดรหัสอัจฉริยะ =^bMind games /^cby Michael Powell ;[แปลและเรียบเรียงโดย: วนาวรรณ แก้วกำเนิด]
|
| 246 31 ^aMind games
|
| 250 ^aพิมพ์ครั้งที่ 1
|
| 260 ^aกรุงเทพฯ :^bบิสคิต,^c2551
|
| 300 ^a152 หน้า :^bภาพประกอบ
|
| 650 7 ^aอัจฉริยบุคคล
|
| 650 7 ^aการสร้างสรรค์
|
| 700 0 ^aวนาวรรณ แก้วกำเนิด,^eผู้แปล
|
| 700 1 ^aPowell, Michael
|
| 856 ^zถอดรหัสอัจฉริยะ (801113).pdf (สารบัญหนังสือ)^uhttp://61.19.69.198/ULIB//_fulltext/Content ::/13399129988/20160701090439_4112.pdf |
| 999 ^aสุณิสา
|